000 00570nam a2200205Ia 4500
005 20250508151223.0
008 008 250505s9999 xx 000 0 eng d
037 _aTextual
040 _aFEDL
_beng
_cFEDL
041 _aeng
_2eng
084 _a1155.8, LIT
_qFEDL
100 _aLittle Kenneth L.
_9136144
245 0 _aRace and society
245 0 _cUnited Nations Educational, Scienftific and Cultural Organization
260 _c1952
300 _a56p.
650 _aChild Psychology
942 _cTEXL
_h1155.8, LIT
999 _c1328294
_d1328294